Yamada's Atlas of Gastroenterology / (Record no. 595549)

000 -LEADER
fixed length control field 00360nam a22001337a 4500
020 ## - INTERNATIONAL STANDARD BOOK NUMBER
International Standard Book Number 9781119600428
040 ## - CATALOGING SOURCE
Transcribing agency DLC
082 ## - DEWEY DECIMAL CLASSIFICATION NUMBER
Classification number 616.33
Author Mark WAN
245 ## - TITLE STATEMENT
Title Yamada's Atlas of Gastroenterology /
Statement of responsibility, etc. edited by Timothy C. Wang [...ed al.]
250 ## - EDITION STATEMENT
Edition statement 6th
260 ## - PUBLICATION, DISTRIBUTION, ETC.
Place of publication, distribution, etc. U.K :
Name of publisher, distributor, etc. John Wiley & Sons,
Date of publication, distribution, etc. 2022,
300 ## - PHYSICAL DESCRIPTION
Extent 1016 p. ;
Other physical details ill,
Dimensions 28 cm.
942 ## - ADDED ENTRY ELEMENTS (KOHA)
Source of classification or shelving scheme
Koha item type Book
Holdings
Withdrawn status Lost status Source of classification or shelving scheme Damaged status Not for loan Permanent Location Current Location Shelving location Date acquired Source of acquisition Cost, normal purchase price Full call number Barcode Date last seen Copy number Cost, replacement price Price effective from Koha item type
          NUST School of Health Sciences (NSHS) NUST School of Health Sciences (NSHS) General Stacks 08/16/2023 Prince Books, Rawalpindi 38500.00 616.33 WAN NSHS-1771 08/16/2023 c.1 77000.00 08/16/2023 Book
© 2023 Central Library, National University of Sciences and Technology. All Rights Reserved.